000 01570nam a2200337 i 4500
001 000017847
003 DO-SdBNP
005 20250717074016.0
007 ta
008 100406s1986 dr 001 0bspa d
040 _aDO-SdBNP
_bspa
_cBNPHU
_erda
041 _hspa
082 4 _a923.57293
_bG277v
_222
100 1 _aGautreau, Julio,
_d1904-
_eautor
_4aut.
_938749
245 1 0 _aVicentico :
_bhéroe y mártir dos veces /
_cJulio Gautreau.
264 4 _aSanto Domingo :
_bBiblioteca Nacional Pedro Henríquez Ureña (BNPHU),
_c©1986.
300 _a75 páginas ;
_c22 cm.
336 _atexto
_btxt
_2rdacontent
337 _asin mediación
_bn
_2rdamedia
338 _avolumen
_bnc
_2rdacarrier
490 0 _aColección Orfeo
500 _aIncluye datos biográficos del autor en la contracubierta.
505 0 _aPresentación--
_tUn parrafito de Don París Goico --
_tJuramento --
_tPropósito de lucha --
_tInvasión norteamericana de 1916 --
_tTropelías --
_tLa muerte de Fidel Ferrer --
_tGregorio Urbano Gilbert: un predestinado --
_tLa guerra patriótica de Vicente Evangelista --
_tVicentico no fue gavillero --
_tEscaramuzas --
_tAbandonen la guerra --
_tEpílogo.
590 _aInventariado, 2020/VM
600 1 4 _aEvangelista, Vicente
_938750
651 7 _aRepública Dominicana --
_xHistoria --
_yOcupación norteamericana, 1916-1924
_91926
_2LEMB
651 7 _aEstados Unidos
_xRelaciones con República Dominicana
_91927
_2LEMB
710 2 _aBiblioteca Nacional Pedro Henríquez Ureña
_981292
910 _aValidado. Control de calidad EMS
942 _2ddc
_cLBS1
999 _c17371
_d17371